| 000 | 01727nam0a2200325 4500 | ||
|---|---|---|---|
| 001 | RU\NLR\bibl\973305 | ||
| 005 | 20260405110457.0 | ||
| 010 |
_a5-7253-1332-8 _9100 |
||
| 021 |
_aRU _b2006-41058 _92057 |
||
| 035 | _a(NLR Aleph) 000961247 | ||
| 090 |
_a340852 _c340852 |
||
| 100 | _a20060808d2006 |||y0rusy50 ca | ||
| 101 | 0 | _arus | |
| 102 | _aRU | ||
| 105 | _aa ||||||||| | ||
| 200 | 1 |
_aАнализ и диагностика финансово-хозяйственной деятельности предприятий автомобильного транспорта _eучебное пособие _e[для студентов экономических специальностей] _fВ.А. Крылов, А.В. Преловская _gФедер. агентство по образованию, Байк. гос. ун-т экономики и права |
|
| 210 |
_aИркутск _cИзд-во БГУЭП _d2006 |
||
| 215 |
_a384 с. _cил. _d21 |
||
| 320 | _aБиблиогр.: с. 383-384 (37 назв.) и в подстроч. прим. | ||
| 606 | 1 |
_aАвтомобильные хозяйства _jУчебные издания для высших учебных заведений _xАнализ хозяйственной деятельности _92126103 _3RU\NLR\auth\661283308 |
|
| 686 | _aУ37(2)33я73 | ||
| 700 | 1 |
_4070 _7ca _8rus _aКрылов _bВ. А. _cканд. экон. наук _gВиктор Алексеевич _924581 _3RU\NLR\auth\7741633 |
|
| 701 | 1 |
_aПреловская _bА. В. _gАнна Викторовна _4070 |
|
| 801 | 0 |
_aRU _bNLR _c20060808 _grcr |
|
| 801 | 1 |
_aRU _bNLR _c20060808 |
|
| 830 | _aАвт. по кн. | ||
| 942 | _cBOOK | ||
| 980 | _aNB | ||
| 980 | _aNBR | ||